01239nam a2200313 a 4500001000200000003000900002005001700011008004000028040002800068082001700096100001300113245005200126260005700178300002700235504002800262590002500290650003200315650005700347700001300404710003900417710004600456910000600502942001300508952012200521952012700643952012700770956001100897999001700908 DO-SdBNP20250617125116.0090907s20uu dr a 000 0 spa d aDO-SdBNPbspacDO-SdBNP a617.7bV831s a 92012700aVisión saludable :c b¡Ojo con su visión! aSanto Domingo :bInstituto Nacional del Ojo, c200-? a32 p. :bil. ;c23 cm. aBibliografía : p. 211 aInventariado,2020/VM 7aOftalmología9201282Lemb 7aEnfermedades de los ojosxDiagnóstico9201292Lemb a 9201302 aInstituto Nacional del Ojo 9768142 aInstitutos Nacionales de la Salud 976815 a  2ddccLF1 00102ddc718PDaBNPHUbPDcHDd2020-10-08eDeposito Legal l0o617.7 V768sp2020-0132r2020-10-08w2020-10-08yLFPD 00102ddc718PDaBNPHUbPDcHDd2020-10-08eDeposito Legal l0o617.7 V768sp2020-0133r2020-10-08te.2w2020-10-08yLFPD 00102ddc758DSaBNPHUbGRcHDd2020-10-08eDeposito Legal l0o617.7 V768sp2020-0134r2020-10-08te.3w2020-10-08yLFDS aVMateo c48850d48850